Theory and practice of counseling and psychotherapy/ (Record no. 31547)

000 -LEADER
fixed length control field 00695nam a22001937a 4500
008 - FIXED-LENGTH DATA ELEMENTS--GENERAL INFORMATION
fixed length control field 230316b |||||||| |||| 00| 0 eng d
020 ## - INTERNATIONAL STANDARD BOOK NUMBER
International Standard Book Number 9780357671429
050 ## - LIBRARY OF CONGRESS CALL NUMBER
Classification number BF637
Item number .C67 2022
100 ## - MAIN ENTRY--PERSONAL NAME
Personal name Corey, Gerald
245 ## - TITLE STATEMENT
Title Theory and practice of counseling and psychotherapy/
Statement of responsibility, etc. Gerald Corey
250 ## - EDITION STATEMENT
Edition statement 10th ed.
Remainder of edition statement Updated
260 ## - PUBLICATION, DISTRIBUTION, ETC. (IMPRINT)
Place of publication, distribution, etc. Boston, MA.
Name of publisher, distributor, etc. Cengage,
Date of publication, distribution, etc. 2021
300 ## - PHYSICAL DESCRIPTION
Extent xviii, 490 pages :
Other physical details illustrations (some color) ;
Dimensions 26 cm
504 ## - BIBLIOGRAPHY, ETC. NOTE
Bibliography, etc Include Biblio. References and index
650 ## - SUBJECT ADDED ENTRY--TOPICAL TERM
Topical term or geographic name as entry element Psychotherapy
650 ## - SUBJECT ADDED ENTRY--TOPICAL TERM
Topical term or geographic name as entry element Counseling
General subdivision psychologist
Chronological subdivision client
650 ## - SUBJECT ADDED ENTRY--TOPICAL TERM
Topical term or geographic name as entry element Cross-cultural counseling
General subdivision Body-mind centering
942 ## - ADDED ENTRY ELEMENTS (KOHA)
Source of classification or shelving scheme
Classification part BF637.C67 2022
Koha item type Hard Covered Materials
Holdings
Withdrawn status Lost status Source of classification or shelving scheme Damaged status Not for loan Home library Current library Shelving location Date acquired Source of acquisition Cost, normal purchase price Total Checkouts Full call number Barcode Date last seen Price effective from Koha item type
          MACHAKOS UNIVERSITY LIBRARY MACHAKOS UNIVERSITY LIBRARY Open shelf 16/03/2023 Purchase(Urban Book Centre) 7500.00   BF637.C67 2022 39322 21/03/2023 16/03/2023 Hard Covered Materials
© Machakos University Library, Along The Highway, Machakos Wote Rd, Machakos, Kenya P.O. Box 136 - 90100 Machakos - Kenya

Tel: ( +254 ) 723 805829 OR Fax : 044-20353 OR Email: library@mksu.ac.ke